[Event "Women Ch A Group r_1"]
[Site "Albena BUL"]
[Date "2010.05.27"]
[Round "1.1"]
[White "Maneva, Ani"]
[Black "Voiska, Margarita"]
[Result "1/2-1/2"]
[WhiteElo "1927"]
[BlackElo "2349"]
[PlyCount "68"]
[EventDate "2010.05.27"]
[EventRounds "7"]
[EventCountry "BUL"]

1. e4 d5 2. exd5 Qxd5 3. Nc3 Qd6 4. Nf3 Nf6 5. d3 Nc6 6. a3 a6 7. Bg5 g6 8. Qd2
Bg7 9. Be2 h6 10. Bf4 Qd8 11. Rb1 g5 12. Bg3 Be6 13. h4 g4 14. Ne5 Nh5 15. Nxc6
bxc6 16. Bh2 Rb8 17. O-O Bf6 18. g3 Bd4 19. Kg2 Nf6 20. Qf4 Qd6 21. Qxd6 cxd6
22. Bg1 Nd5 23. Nd1 f5 24. f4 c5 25. Bxd4 cxd4 26. Kf2 Kd7 27. Re1 Rhc8 28. Rc1
Ne3 29. Nxe3 dxe3+ 30. Kxe3 Rxb2 31. c4 Rb3 32. Kd4 Rxa3 33. Rb1 Kc7 34. Bf1
Bd7 1/2-1/2

[Event "Women Ch A Group r_1"]
[Site "Albena BUL"]
[Date "2010.05.27"]
[Round "1.1"]
[White "Yordanova, Svetla"]
[Black "Petkova, Veneta"]
[Result "1/2-1/2"]
[WhiteElo "2174"]
[BlackElo "1942"]
[PlyCount "66"]
[EventDate "2010.05.27"]
[EventRounds "7"]
[EventCountry "BUL"]

1. d4 d5 2. Nf3 Nf6 3. c4 c6 4. Qc2 e6 5. Nc3 Nbd7 6. Bg5 b6 7. e3 Bb7 8. cxd5
exd5 9. Bd3 Be7 10. O-O O-O 11. Rac1 Re8 12. Rfd1 Nf8 13. Ne5 h6 14. Bh4 N6d7
15. Bxe7 Qxe7 16. Nf3 Nf6 17. Qb3 N8d7 18. h3 c5 19. dxc5 Nxc5 20. Qa3 Nfe4 21.
Rc2 a5 22. Bb5 Red8 23. Nxe4 dxe4 24. Nd4 Qg5 25. Rcd2 Rac8 26. Bf1 Ba6 27.
Bxa6 Nxa6 28. Qb3 Qc5 29. Ne6 Rxd2 30. Nxc5 Nxc5 31. Rxd2 Nxb3 32. axb3 Rc1+
33. Kh2 Rc6 1/2-1/2

[Event "Women Ch A Group r_1"]
[Site "Albena BUL"]
[Date "2010.05.27"]
[Round "1.1"]
[White "Bratimirova, Dimitrinka"]
[Black "Genova, Ruzka"]
[Result "0-1"]
[WhiteElo "2033"]
[BlackElo "2232"]
[PlyCount "72"]
[EventDate "2010.05.27"]
[EventRounds "7"]
[EventCountry "BUL"]

1. e4 c5 2. Nf3 e6 3. d4 cxd4 4. Nxd4 Nf6 5. Bd3 Qb6 6. Nb3 d6 7. Be3 Qc7 8.
Nc3 a6 9. a4 b6 10. O-O Nbd7 11. f4 Bb7 12. Qe2 Be7 13. Rad1 O-O 14. Nd2 Nc5
15. Nc4 d5 16. exd5 exd5 17. Ne5 Bd6 18. Ng4 Nfe4 19. Nxe4 Nxe4 20. Bxe4 dxe4
21. Qf2 Bc5 22. Bxc5 bxc5 23. Ne5 Rad8 24. c3 f6 25. Nc4 Rd3 26. Rxd3 exd3 27.
Qe3 Qc6 28. Rf3 Rd8 29. Nd2 c4 30. Rg3 Re8 31. Qd4 Re1+ 32. Nf1 Kf7 33. f5 Qd5
34. Qf2 d2 35. Qb6 Rxf1+ 36. Kxf1 d1=Q+ 0-1

[Event "Women Ch A Group r_1"]
[Site "Albena BUL"]
[Date "2010.05.27"]
[Round "1.1"]
[White "Chilingirova, Pavlina"]
[Black "Dimitrova, Leila"]
[Result "1-0"]
[WhiteElo "2150"]
[BlackElo "2124"]
[PlyCount "71"]
[EventDate "2010.05.27"]
[EventRounds "7"]
[EventCountry "BUL"]

1. c4 Nf6 2. Nc3 d6 3. g3 c6 4. Bg2 e5 5. b3 Be7 6. e3 O-O 7. Nge2 d5 8. cxd5
Nxd5 9. O-O Be6 10. Bb2 Nxc3 11. Bxc3 Bf6 12. d4 Qc7 13. dxe5 Bxe5 14. Nd4 Re8
15. f4 Bf6 16. Rc1 Qd7 17. Nxe6 Qxe6 18. e4 Bxc3 19. Rxc3 Na6 20. Rd3 Nc5 21.
Rd6 Qe7 22. e5 Rad8 23. Rxd8 Rxd8 24. Qc2 Ne6 25. f5 Qc5+ 26. Qxc5 Nxc5 27. b4
Na6 28. b5 cxb5 29. Bxb7 Nc5 30. Bc6 a6 31. Rc1 Na4 32. Bb7 a5 33. Rc7 h6 34.
e6 fxe6 35. fxe6 Nb6 36. Bc6 1-0

[Event "Women Ch A Group r_1"]
[Site "Albena BUL"]
[Date "2010.05.27"]
[Round "1.2"]
[White "Parvanova, Desislava"]
[Black "Raeva, Elitsa"]
[Result "0-1"]
[WhiteElo "2002"]
[BlackElo "2231"]
[PlyCount "82"]
[EventDate "2010.05.27"]
[EventRounds "7"]
[EventCountry "BUL"]

1. d4 Nf6 2. Nf3 g6 3. c4 Bg7 4. Nc3 c5 5. d5 d6 6. e4 O-O 7. Be2 Na6 8. O-O
Nc7 9. Bg5 h6 10. Bh4 a6 11. a4 Rb8 12. Nd2 e5 13. Rb1 Qe8 14. b4 cxb4 15. Rxb4
Nd7 16. Bg4 f5 17. exf5 g5 18. Bg3 Nf6 19. Nde4 Nxg4 20. Qxg4 Bxf5 21. Qe2 Qg6
22. Rb6 Ne8 23. Rfb1 h5 24. f3 g4 25. Kh1 Rf7 26. Rxa6 Rc8 27. Rab6 Rcc7 28.
Rd1 gxf3 29. gxf3 Bh3 30. c5 h4 31. Bxh4 Qh5 32. cxd6 Rcd7 33. Be7 Rxf3 34. Rg1
Qf5 35. Rbb1 Bg4 36. Rbf1 Rxf1 37. Rxf1 Qh5 38. Qf2 Bh6 39. Rg1 Kh8 40. Rg3 Bf4
41. Rd3 b6 0-1

[Event "Women Ch A Group r_1"]
[Site "Albena BUL"]
[Date "2010.05.27"]
[Round "1.2"]
[White "Velcheva, Maria"]
[Black "Trifonova, Sandra"]
[Result "1-0"]
[WhiteElo "2266"]
[BlackElo "1997"]
[PlyCount "125"]
[EventDate "2010.05.27"]
[EventRounds "7"]
[EventCountry "BUL"]

1. e4 c6 2. d4 d5 3. exd5 cxd5 4. c4 Nf6 5. Nc3 g6 6. Qb3 Nbd7 7. Nf3 Bg7 8. c5
Nb8 9. Bb5+ Nc6 10. O-O O-O 11. h3 Bf5 12. Be3 Na5 13. Qa4 a6 14. Be2 Bd7 15.
Qd1 b6 16. b4 Nc6 17. cxb6 Qxb6 18. a3 Na7 19. Qb3 e6 20. a4 Rab8 21. Rfb1 Qd6
22. Ne5 Nc6 23. Nxc6 Qxc6 24. b5 axb5 25. axb5 Qb7 26. Na4 Ra8 27. Nc5 Qb6 28.
Ra6 Rxa6 29. bxa6 Qa5 30. Qb6 Qa2 31. Qb2 Qa5 32. Bd2 Qd8 33. Qb7 Bc8 34. Qb6
Qxb6 35. Rxb6 Bxa6 36. Rxa6 Rb8 37. Bd3 Ne8 38. Be3 Nc7 39. Ra7 Ne8 40. Bf4 Rd8
41. Be5 Bxe5 42. dxe5 Rc8 43. Nd7 Rc1+ 44. Kh2 Kg7 45. Ra8 Rc7 46. Rxe8 Rxd7
47. Kg3 Rb7 48. Kf3 Rb3 49. Ke3 Ra3 50. Re7 Kf8 51. Rb7 Ra1 52. Bb5 Re1+ 53.
Be2 Ra1 54. Rb3 Ra4 55. Bd3 Ra1 56. Rb2 Re1+ 57. Re2 Ra1 58. f4 h6 59. Rb2 Ra3
60. g4 Kg7 61. f5 gxf5 62. gxf5 Ra7 63. f6+ 1-0

[Event "Women Ch A Group r_1"]
[Site "Albena BUL"]
[Date "2010.05.27"]
[Round "1.2"]
[White "Ivanova, Simoneta"]
[Black "Plachkinova, Tatjana G"]
[Result "1-0"]
[WhiteElo "1791"]
[BlackElo "2117"]
[PlyCount "81"]
[EventDate "2010.05.27"]
[EventRounds "7"]
[EventCountry "BUL"]

1. d4 Nf6 2. c4 e6 3. Nf3 c5 4. d5 b5 5. dxe6 fxe6 6. cxb5 d5 7. g3 Be7 8. Bg2
O-O 9. O-O Nbd7 10. b3 Ne4 11. Bb2 Bf6 12. Qc2 Bb7 13. Nc3 Nxc3 14. Bxc3 Rb8
15. Bxf6 Qxf6 16. Rad1 e5 17. Nd2 e4 18. Nxe4 Qf5 19. Qd2 Qe5 20. Ng5 d4 21. f4
Qe7 22. Qd3 Nf6 23. Qc4+ Kh8 24. Bxb7 Rxb7 25. Ne6 Re8 26. Nxc5 Rc7 27. b4 Qe3+
28. Kg2 Ng4 29. Rde1 Rxc5 30. Qxc5 Qe4+ 31. Rf3 Ne3+ 32. Kg1 Nc2 33. Ref1 Qxe2
34. R3f2 Qe3 35. Qxc2 d3 36. Qd2 Qd4 37. Kh1 Qd5+ 38. Rf3 h6 39. Qxd3 Qxa2 40.
R1f2 Qd5 41. Qxd5 1-0

[Event "Women Ch A Group r_1"]
[Site "Albena BUL"]
[Date "2010.05.27"]
[Round "1.2"]
[White "Vladimirova, Maria"]
[Black "Vitanova, Rozalina"]
[Result "0-1"]
[WhiteElo "2045"]
[BlackElo "2094"]
[PlyCount "136"]
[EventDate "2010.05.27"]
[EventRounds "7"]
[EventCountry "BUL"]

1. e4 c5 2. Nf3 Nc6 3. d4 cxd4 4. Nxd4 e6 5. Nc3 a6 6. Be3 Nf6 7. Qd2 Be7 8. f3
Qc7 9. Be2 O-O 10. O-O-O b5 11. g4 Na5 12. g5 Ne8 13. h4 Nc4 14. Bxc4 Qxc4 15.
h5 b4 16. Nb1 Bb7 17. g6 Bf6 18. Qh2 Qc7 19. Bf4 e5 20. h6 fxg6 21. hxg7 Bxg7
22. Qxh7+ Kf7 23. Rhg1 exf4 24. Qxg6+ Kg8 25. Nf5 Rxf5 26. exf5 Qc6 27. Qxc6
Bxc6 28. Rd4 Kf7 29. Rxb4 Bxf3 30. Nd2 Bd5 31. Rxf4 Rb8 32. b3 Nf6 33. Kd1 Bh6
34. Ra4 Rb6 35. Nc4 Bxc4 36. Rxc4 Rd6+ 37. Ke2 Rd2+ 38. Kf3 Rd5 39. Ra4 Rxf5+
40. Ke2 a5 41. c4 Ne4 42. Ke1 Nc3 43. Rh1 Bc1 44. Rh7+ Ke6 45. Rh8 Nxa4 46.
bxa4 Rc5 47. Ra8 Ba3 48. Ke2 Rh5 49. Kd3 Bb4 50. Kc2 Rh3 51. Ra6+ Ke5 52. Ra7
d6 53. Kb2 Kd4 54. Rc7 Rh2+ 55. Kb3 Rh3+ 56. Kb2 Rc3 57. a3 Bxa3+ 58. Ka2 Bb4
59. Rh7 Kxc4 60. Rh4+ Kc5 61. Kb2 Ra3 62. Rh5+ d5 63. Rh7 Rxa4 64. Rh3 d4 65.
Rg3 Kc4 66. Rh3 Bc3+ 67. Kc2 Ra2+ 68. Kb1 Kb3 0-1

[Event "Women Ch A Group r_1"]
[Site "Albena BUL"]
[Date "2010.05.27"]
[Round "1.3"]
[White "Cmilyte, Viktorija"]
[Black "Nikolova, Adriana"]
[Result "1-0"]
[WhiteElo "2514"]
[BlackElo "2318"]
[PlyCount "95"]
[EventDate "2010.05.27"]
[EventRounds "7"]
[EventCountry "BUL"]

1. Nf3 Nf6 2. c4 e6 3. g3 d5 4. d4 Be7 5. Bg2 O-O 6. O-O dxc4 7. Qc2 a6 8. Qxc4
b5 9. Qc2 Bb7 10. Bd2 Ra7 11. Nc3 Nbd7 12. b4 Bxb4 13. Nxb5 axb5 14. Bxb4 Be4
15. Qb2 Re8 16. Rfc1 Qa8 17. Ne1 Bxg2 18. Nxg2 e5 19. dxe5 Rxe5 20. Bc3 Rc5 21.
Ne3 b4 22. Qxb4 Ra4 23. Qb2 h6 24. Rd1 Qc6 25. Bxf6 Nxf6 26. Rd8+ Kh7 27. f3
Ra8 28. Qb1+ g6 29. Rxa8 Qxa8 30. Qb3 Qe8 31. a4 Ra5 32. Nc4 Ra6 33. e4 Nd7 34.
a5 Kg8 35. Qb5 Qe6 36. Rd1 Qc6 37. Qb3 Ra8 38. Kg2 Rb8 39. Ne5 Rxb3 40. Nxc6
Rb2+ 41. Kg1 Nc5 42. Rd5 Rc2 43. Nb8 Rb2 44. Rxc5 Rxb8 45. Rxc7 Rb2 46. a6 Ra2
47. a7 Kg7 48. e5 1-0

[Event "Women Ch A Group r_1"]
[Site "Albena BUL"]
[Date "2010.05.27"]
[Round "1.3"]
[White "Videnova, Iva"]
[Black "Zaiatz, Elena"]
[Result "0-1"]
[WhiteElo "2278"]
[BlackElo "2392"]
[PlyCount "74"]
[EventDate "2010.05.27"]
[EventRounds "7"]
[EventCountry "BUL"]

1. e4 e5 2. Nf3 Nc6 3. Bb5 a6 4. Ba4 Nf6 5. O-O Be7 6. Qe2 b5 7. Bb3 O-O 8. c3
d5 9. d3 Re8 10. Rd1 Bb7 11. Bg5 Na5 12. Bc2 Nh5 13. Bc1 Bf6 14. g3 g6 15. b4
Nc6 16. Bb3 d4 17. Bd5 dxc3 18. Nxc3 Rb8 19. g4 Ng7 20. g5 Be7 21. Bxc6 Bxc6
22. Nxe5 Bb7 23. Nd5 Bxg5 24. f4 Bxd5 25. exd5 Qxd5 26. Qe4 Rbd8 27. Qxd5 Rxd5
28. Ng4 Bh4 29. Bb2 Nf5 30. Be5 h5 31. Nf6+ Bxf6 32. Bxf6 Nd4 33. Kf1 Nc2 34.
d4 Nxa1 35. Rxa1 Re4 36. Be5 f6 37. Bxc7 Rdxd4 0-1

[Event "Women Ch A Group r_1"]
[Site "Albena BUL"]
[Date "2010.05.27"]
[Round "1.3"]
[White "Collas, Silvia"]
[Black "Sirkova, Darena"]
[Result "1-0"]
[WhiteElo "2314"]
[BlackElo "2036"]
[PlyCount "85"]
[EventDate "2010.05.27"]
[EventRounds "7"]
[EventCountry "BUL"]

1. d4 d5 2. Nf3 c6 3. e3 Nf6 4. c4 e6 5. b3 Be7 6. Be2 O-O 7. O-O Nbd7 8. Nc3
b6 9. Qc2 Bb7 10. Rd1 Rc8 11. e4 dxe4 12. Nxe4 Qc7 13. Bb2 c5 14. Nc3 a6 15. d5
exd5 16. cxd5 b5 17. Rac1 Nb6 18. Bxb5 axb5 19. d6 Bxd6 20. Nxb5 Bxh2+ 21. Kh1
Qf4 22. Nxh2 Ng4 23. Nxg4 Qxg4 24. f3 Qg3 25. Nd6 Nd5 26. Nxb7 Ne3 27. Qd2 Nxd1
28. Rxd1 Rc6 29. Kg1 h5 30. Na5 Ra6 31. Bc3 h4 32. Qf2 Qg5 33. f4 Qf5 34. Nc4
Rg6 35. Ne3 Qe4 36. f5 Rg5 37. Kh2 Re8 38. Re1 h3 39. gxh3 Qd3 40. Qd2 Qe4 41.
Ng2 Rxg2+ 42. Qxg2 Qf4+ 43. Qg3 1-0

[Event "Women Ch A Group r_1"]
[Site "Albena BUL"]
[Date "2010.05.27"]
[Round "1.3"]
[White "Janeva, Mariya"]
[Black "Djingarova, Emilia"]
[Result "0-1"]
[WhiteElo "2036"]
[BlackElo "2359"]
[PlyCount "71"]
[EventDate "2010.05.27"]
[EventRounds "7"]
[EventCountry "BUL"]

1. e4 c5 2. c3 Nf6 3. e5 Nd5 4. d4 cxd4 5. cxd4 e6 6. Nf3 d6 7. a3 Bd7 8. Bd3
Bc6 9. O-O Nd7 10. Re1 dxe5 11. dxe5 g6 12. Bg5 Qc7 13. Nbd2 Bg7 14. Nc4 O-O
15. Rc1 a6 16. b4 h6 17. Bh4 Qb8 18. Bg3 Qa7 19. Be4 N7b6 20. Nd6 Rad8 21. Nd4
Ba4 22. Qg4 Rxd6 23. exd6 Bxd4 24. Bxg6 Bg7 25. Bb1 Nd7 26. Qe4 N7f6 27. Qd3
Bb5 28. Qc2 Bd7 29. Be5 Rc8 30. Qd3 Kf8 31. Rxc8+ Bxc8 32. Rc1 Bd7 33. g4 Qb6
34. h4 Qb5 35. Qc2 Nxb4 36. axb4 0-1

[Event "Women Ch A Group r_1"]
[Site "Albena BUL"]
[Date "2010.05.27"]
[Round "1.4"]
[White "Genova, Lyubka"]
[Black "Arutyunova, Diana"]
[Result "1/2-1/2"]
[WhiteElo "2293"]
[BlackElo "2266"]
[PlyCount "69"]
[EventDate "2010.05.27"]
[EventRounds "7"]
[EventCountry "BUL"]

1. e4 e6 2. d4 d5 3. exd5 exd5 4. Nf3 Nf6 5. c4 Be7 6. Nc3 O-O 7. cxd5 Nxd5 8.
Bd3 Bg4 9. O-O Nc6 10. h3 Bxf3 11. Qxf3 Ndb4 12. d5 Nxd3 13. Qxd3 Nb4 14. Qc4
c6 15. dxc6 Nxc6 16. Rd1 Qa5 17. Nd5 Rfd8 18. Bf4 Rac8 19. Nxe7+ Nxe7 20. Rxd8+
Qxd8 21. Qb3 Ng6 22. Rd1 Qe7 23. Bd6 Qe4 24. Qd3 Qxd3 25. Rxd3 Rd8 26. Kf1 f6
27. Ke2 Kf7 28. Bc7 Rxd3 29. Kxd3 Ke6 30. Kc4 Ne5+ 31. Kd4 Nc6+ 32. Kc5 Ne5 33.
Kd4 Nc6+ 34. Kc5 Ne5 35. Kd4 1/2-1/2

[Event "Women Ch A Group r_1"]
[Site "Albena BUL"]
[Date "2010.05.27"]
[Round "1.4"]
[White "Shtereva, Slaveja"]
[Black "Bednikova, Stefi"]
[Result "1-0"]
[WhiteElo "2093"]
[BlackElo "2101"]
[PlyCount "87"]
[EventDate "2010.05.27"]
[EventRounds "7"]
[EventCountry "BUL"]

1. c4 e5 2. Nc3 Nf6 3. g3 d5 4. cxd5 Nxd5 5. Bg2 Nb6 6. Nf3 Nc6 7. d3 Be7 8. a3
O-O 9. b4 Be6 10. O-O Nd4 11. Rb1 Re8 12. Ne4 Nxf3+ 13. Bxf3 Bd5 14. Qc2 a5 15.
Be3 axb4 16. axb4 f5 17. Nd2 Kh8 18. Rfc1 Bd6 19. Bxb6 Bxf3 20. Bxc7 Bxc7 21.
Nxf3 Bb6 22. Nd2 Qd4 23. e3 Qg4 24. Nc4 Bc7 25. b5 Re6 26. b6 Bd8 27. Rb5 Bf6
28. Qd1 Qh3 29. Qf1 Qh5 30. Qg2 Qf7 31. Nd2 Bd8 32. Qd5 Qe8 33. Nc4 Bf6 34. Rc5
Rd8 35. Qxb7 Rxd3 36. Rc8 Bd8 37. Qb8 h6 38. b7 Kh7 39. Qa8 Qd7 40. b8=Q Rd1+
41. Rxd1 Qxd1+ 42. Kg2 e4 43. Qf4 Rg6 44. Rxd8 1-0

[Event "Women Ch A Group r_1"]
[Site "Albena BUL"]
[Date "2010.05.27"]
[Round "1.4"]
[White "Nestorova-Petrova, Lozanka"]
[Black "Andreeva, Plamena"]
[Result "1/2-1/2"]
[WhiteElo "2074"]
[BlackElo "2119"]
[PlyCount "117"]
[EventDate "2010.05.27"]
[EventRounds "7"]
[EventCountry "BUL"]

1. d4 Nf6 2. Nf3 d6 3. c4 g6 4. Nc3 Bf5 5. Bg5 Bg7 6. e3 O-O 7. Bd3 Bg4 8. Be2
Nc6 9. O-O h6 10. Bh4 Bf5 11. d5 Nb8 12. Nd4 Bc8 13. Bf3 Nbd7 14. Rc1 Ne5 15.
Be2 c5 16. Nc2 Bf5 17. f3 g5 18. Bg3 Ng6 19. Bd3 Bd7 20. f4 gxf4 21. exf4 Bg4
22. Be2 Qd7 23. Ne3 Bxe2 24. Qxe2 e6 25. dxe6 fxe6 26. f5 Ne7 27. fxe6 Qxe6 28.
Rce1 Rae8 29. Qd3 Ng4 30. Rxf8+ Kxf8 31. Nxg4 Qxg4 32. Bxd6 Qd4+ 33. Qxd4 Bxd4+
34. Kf1 Kf7 35. Nb5 Nf5 36. Rxe8 Kxe8 37. Nxd4 Nxd6 38. Nb3 Nxc4 39. Nxc5 b6
40. Nd3 Ke7 41. Ke2 Ke6 42. Kf3 Kf5 43. b3 Nd2+ 44. Ke2 Ne4 45. Ke3 Nc3 46. a4
Nd5+ 47. Kf3 Nc3 48. Nb4 Nb1 49. Ke3 Nc3 50. Kd3 Nd1 51. Nc6 a5 52. Nd4+ Ke5
53. Nf3+ Kd5 54. Nh4 Nf2+ 55. Ke2 Ng4 56. h3 Nf6 57. Kd3 Kc5 58. Nf5 h5 59. Ne3
1/2-1/2

[Event "Women Ch A Group r_1"]
[Site "Albena BUL"]
[Date "2010.05.27"]
[Round "1.4"]
[White "Tsvetkova, Svetlana"]
[Black "Boneva, Zvezdelina"]
[Result "1/2-1/2"]
[WhiteElo "1852"]
[BlackElo "1938"]
[PlyCount "90"]
[EventDate "2010.05.27"]
[EventRounds "7"]
[EventCountry "BUL"]

1. e4 e6 2. d4 d5 3. e5 c5 4. c3 Nc6 5. Nf3 Qb6 6. a3 a5 7. a4 Bd7 8. Be2 cxd4
9. cxd4 Bb4+ 10. Nc3 Nge7 11. O-O Nf5 12. Nb5 Na7 13. Nc3 Rc8 14. Qd3 Qc7 15.
Bd2 b5 16. Nxb5 Nxb5 17. axb5 O-O 18. Bxb4 axb4 19. Rfc1 Qxc1+ 20. Rxc1 Rxc1+
21. Bf1 Rb8 22. Qd2 Ra1 23. Qxb4 Bxb5 24. Nd2 Ra4 25. Qc3 Bxf1 26. Kxf1 Nxd4
27. g3 Rab4 28. Kg2 Nb3 29. Nf3 h6 30. h3 d4 31. Qc2 Na5 32. Qc5 Nb3 33. Qc2
Rd8 34. Ne1 Rb5 35. Nd3 Rbb8 36. Kf3 Rdc8 37. Qd1 Rb5 38. Kg2 Nc5 39. Nxc5
Rcxc5 40. Qxd4 Rxe5 41. Qd8+ Kh7 42. Qd3+ g6 43. Qd7 Kg7 44. Qd4 Rbd5 45. Qc3
Rc5 1/2-1/2

[Event "Women Ch A Group r_2"]
[Site "Albena BUL"]
[Date "2010.05.28"]
[Round "2.1"]
[White "Genova, Ruzka"]
[Black "Andreeva, Plamena"]
[Result "1-0"]
[WhiteElo "2232"]
[BlackElo "2119"]
[PlyCount "65"]
[EventDate "2010.05.27"]
[EventRounds "7"]
[EventCountry "BUL"]

1. d4 Nf6 2. Nf3 d6 3. c4 g6 4. Nc3 Bf5 5. d5 c5 6. Nd2 g5 7. e4 Bg6 8. Bd3
Nbd7 9. O-O Ne5 10. Be2 Bg7 11. Re1 O-O 12. Nf1 h6 13. Ng3 Kh7 14. f4 gxf4 15.
Bxf4 Ned7 16. Nf5 Bxf5 17. exf5 Nb6 18. Qc2 Kh8 19. Ne4 Rg8 20. Ng3 Nfd7 21. a4
Nf6 22. Ra3 Nbd7 23. Qd2 Qf8 24. Kh1 Ne5 25. Bf1 Kh7 26. Ne4 Nh5 27. Bg5 Nf6
28. Rh3 Nfg4 29. Bf4 Nd7 30. Rh4 Be5 31. Ng5+ Kg7 32. Rxg4 hxg5 33. Bxe5+ 1-0

[Event "Women Ch A Group r_2"]
[Site "Albena BUL"]
[Date "2010.05.28"]
[Round "2.1"]
[White "Shtereva, Slaveja"]
[Black "Yordanova, Svetla"]
[Result "0-1"]
[WhiteElo "2093"]
[BlackElo "2174"]
[PlyCount "88"]
[EventDate "2010.05.27"]
[EventRounds "7"]
[EventCountry "BUL"]

1. c4 e5 2. Nc3 Nf6 3. g3 Bb4 4. Bg2 O-O 5. e4 Bxc3 6. dxc3 d6 7. Qc2 Be6 8. b3
a5 9. a4 Nbd7 10. Nf3 Nc5 11. O-O Ncxe4 12. Nxe5 dxe5 13. Bxe4 Nxe4 14. Qxe4
Re8 15. Be3 Qc8 16. Qc2 Bh3 17. Rfe1 Qg4 18. Qe2 Qf5 19. f3 h5 20. Rad1 Re6 21.
Bc1 c6 22. Qe4 Qf6 23. Rd7 Bf5 24. Qe3 Rd8 25. Red1 Rxd7 26. Rxd7 Rd6 27. Rxb7
Rd3 28. Rb8+ Kh7 29. Qg5 Qxg5 30. Bxg5 f6 31. g4 hxg4 32. fxg4 Bxg4 33. Bh4
Rxc3 34. Be1 Rf3 35. Kg2 e4 36. Bg3 Rd3 37. b4 Rd2+ 38. Kf1 axb4 39. Rxb4 e3
40. c5 f5 41. Rb3 f4 42. Bxf4 Rf2+ 43. Ke1 Rxf4 44. Rxe3 Rxa4 0-1

[Event "Women Ch A Group r_2"]
[Site "Albena BUL"]
[Date "2010.05.28"]
[Round "2.1"]
[White "Tsvetkova, Svetlana"]
[Black "Chilingirova, Pavlina"]
[Result "0-1"]
[WhiteElo "1852"]
[BlackElo "2150"]
[PlyCount "94"]
[EventDate "2010.05.27"]
[EventRounds "7"]
[EventCountry "BUL"]

1. e4 c5 2. Nf3 d6 3. d4 cxd4 4. Nxd4 Nf6 5. Nc3 a6 6. Be2 e6 7. O-O Qc7 8. Be3
Be7 9. Qd2 Nc6 10. a4 O-O 11. f4 Re8 12. Bf3 Bd7 13. Nb3 Na5 14. Nxa5 Qxa5 15.
Nd5 Qxd2 16. Nxe7+ Rxe7 17. Bxd2 d5 18. Bb4 Ree8 19. exd5 exd5 20. Rfd1 Bf5 21.
Bxd5 Nxd5 22. Rxd5 Bxc2 23. Rd7 Be4 24. Kf2 Bc6 25. Rd4 Rac8 26. Bc3 h5 27. a5
Bb5 28. Rd2 Re4 29. g3 Rce8 30. h3 Re2+ 31. Rxe2 Rxe2+ 32. Kf3 Rh2 33. h4 Bc6+
34. Ke3 Rg2 35. Be1 Rxb2 36. Kd3 Kh7 37. Kc3 Re2 38. Kd3 Bb5+ 39. Kc3 Kg6 40.
Rd1 Bc6 41. Kd3 Ra2 42. Rc1 Bb5+ 43. Ke3 Kf5 44. Kf3 Bc6+ 45. Ke3 Kg4 46. Rc5
f6 47. Kd3 Bb5+ 0-1

[Event "Women Ch A Group r_2"]
[Site "Albena BUL"]
[Date "2010.05.28"]
[Round "2.1"]
[White "Voiska, Margarita"]
[Black "Arutyunova, Diana"]
[Result "1/2-1/2"]
[WhiteElo "2349"]
[BlackElo "2266"]
[PlyCount "56"]
[EventDate "2010.05.27"]
[EventRounds "7"]
[EventCountry "BUL"]

1. c4 e6 2. Nc3 d5 3. cxd5 exd5 4. d4 c6 5. Qc2 Nf6 6. Bg5 Be7 7. e3 O-O 8. Bd3
h6 9. Bh4 Re8 10. Nge2 Ne4 11. Bxe7 Qxe7 12. Bxe4 dxe4 13. Ng3 f5 14. O-O Na6
15. f3 Nb4 16. Qd2 exf3 17. Rxf3 Be6 18. a3 Nd5 19. Nxd5 Bxd5 20. Nxf5 Qg5 21.
h4 Qg6 22. Rf4 Re6 23. Raf1 Rae8 24. Qf2 Bc4 25. Rc1 Bd5 26. Rf1 Bc4 27. Rc1
Bd5 28. Rf1 Bc4 1/2-1/2

[Event "Women Ch A Group r_2"]
[Site "Albena BUL"]
[Date "2010.05.28"]
[Round "2.2"]
[White "Bednikova, Stefi"]
[Black "Videnova, Iva"]
[Result "0-1"]
[WhiteElo "2101"]
[BlackElo "2278"]
[PlyCount "153"]
[EventDate "2010.05.27"]
[EventRounds "7"]
[EventCountry "BUL"]

1. e4 c5 2. Nf3 d6 3. c3 Nf6 4. Bd3 Bg4 5. h3 Bh5 6. Bc2 Nc6 7. d3 e6 8. Nbd2
Be7 9. O-O d5 10. Re1 O-O 11. Qe2 b5 12. e5 Nd7 13. g4 Bg6 14. Nf1 Rc8 15. Bf4
d4 16. Ng3 Nb6 17. cxd4 cxd4 18. Rac1 Nd5 19. Bd2 a5 20. Bb1 a4 21. Ne4 a3 22.
bxa3 Bxa3 23. Rc2 Qb6 24. Bc1 Bb4 25. Rd1 Bxe4 26. Qxe4 Nc3 27. Rxc3 Bxc3 28.
Ng5 g6 29. h4 Qc7 30. Bf4 Ne7 31. Qf3 Qc6 32. Ne4 Nd5 33. Bh6 Rfd8 34. Nf6+ Kh8
35. Nxd5 f5 36. exf6 Qxd5 37. Qf4 e5 38. Qg5 Qf3 39. Bg7+ Kg8 40. Bc2 Rd5 41.
Bb3 Rcc5 42. h5 Qf4 43. Qxf4 exf4 44. hxg6 hxg6 45. Kg2 Kf7 46. Bxd5+ Rxd5 47.
Kf3 g5 48. Ke4 Rd8 49. Kf5 Rd5+ 50. Ke4 Rc5 51. Rh1 Ke6 52. Rh8 Re5+ 53. Kf3
Kf7 54. Rf8+ Kg6 55. Rd8 Re6 56. Rd5 Rb6 57. Ke4 b4 58. Rf5 Rb8 59. Kd5 Kf7 60.
Kc6 Ra8 61. Rxg5 Rxa2 62. Rb5 Ra7 63. Rb8 f3 64. Kd5 Ra3 65. Rb7+ Kg6 66. Bh8
Ra1 67. Ke4 Ra3 68. Kxf3 b3 69. Rg7+ Kh6 70. g5+ Kh5 71. f7 Bb4 72. Kf4 Bf8 73.
Rg8 b2 74. Rxf8 b1=Q 75. Bf6 Qc1+ 76. Ke4 Qc6+ 77. Kf5 0-1

[Event "Women Ch A Group r_2"]
[Site "Albena BUL"]
[Date "2010.05.28"]
[Round "2.2"]
[White "Boneva, Zvezdelina"]
[Black "Janeva, Mariya"]
[Result "1/2-1/2"]
[WhiteElo "1938"]
[BlackElo "2036"]
[PlyCount "99"]
[EventDate "2010.05.27"]
[EventRounds "7"]
[EventCountry "BUL"]

1. e4 d6 2. d4 Nf6 3. Nc3 e5 4. dxe5 dxe5 5. Qxd8+ Kxd8 6. Bc4 Ke8 7. Nf3 Bd6
8. Bg5 Nbd7 9. O-O a6 10. a4 h6 11. Bh4 b6 12. Nd5 Bb7 13. Rfe1 g5 14. Bg3 Nh5
15. Rad1 Rd8 16. Nd2 Nc5 17. b3 Rf8 18. f3 Nxg3 19. hxg3 f5 20. exf5 Rxf5 21.
Ne3 Rf8 22. Ng4 e4 23. Kh2 h5 24. Nf2 h4 25. Ndxe4 Bxe4 26. Nxe4 Nxe4 27. Rxe4+
Kd7 28. Kh3 hxg3 29. Bxa6 Rf4 30. Rxf4 gxf4 31. Kg4 Ke6 32. Bc4+ Kf6 33. Rxd6+
cxd6 34. Kxf4 d5 35. Bd3 Rg8 36. b4 Ke6 37. c4 Kd6 38. a5 bxa5 39. bxa5 d4 40.
a6 Kc5 41. a7 Ra8 42. Kxg3 Rxa7 43. Kf4 Ra3 44. Ke4 Ra1 45. g4 Re1+ 46. Kf4 Re3
47. Bf1 Re1 48. Bd3 Re3 49. Bf1 Re1 50. Bd3 1/2-1/2

[Event "Women Ch A Group r_2"]
[Site "Albena BUL"]
[Date "2010.05.28"]
[Round "2.2"]
[White "Nikolova, Adriana"]
[Black "Genova, Lyubka"]
[Result "1/2-1/2"]
[WhiteElo "2318"]
[BlackElo "2293"]
[PlyCount "46"]
[EventDate "2010.05.27"]
[EventRounds "7"]
[EventCountry "BUL"]

1. e4 c5 2. Nf3 e6 3. d4 cxd4 4. Nxd4 Nc6 5. Nc3 Qc7 6. g3 a6 7. Bg2 d6 8. O-O
Bd7 9. Re1 Be7 10. Nxc6 Bxc6 11. Qg4 Kf8 12. a4 h5 13. Qe2 h4 14. Be3 hxg3 15.
fxg3 Nf6 16. Rf1 Qa5 17. Rab1 Qb4 18. Qf3 Kg8 19. g4 Rf8 20. Bd2 Qd4+ 21. Be3
Qb4 22. Bd2 Qd4+ 23. Be3 Qb4 1/2-1/2

[Event "Women Ch A Group r_2"]
[Site "Albena BUL"]
[Date "2010.05.28"]
[Round "2.2"]
[White "Sirkova, Darena"]
[Black "Nestorova-Petrova, Lozanka"]
[Result "1-0"]
[WhiteElo "2036"]
[BlackElo "2074"]
[PlyCount "51"]
[EventDate "2010.05.27"]
[EventRounds "7"]
[EventCountry "BUL"]

1. e4 d6 2. d4 Nf6 3. Nc3 g6 4. h3 Bg7 5. Be3 c6 6. f4 Na6 7. Nf3 Qa5 8. Qd2 b5
9. Bd3 O-O 10. O-O b4 11. Ne2 c5 12. a3 c4 13. Bxc4 Nxe4 14. Qd3 d5 15. axb4
dxc4 16. Qxe4 Bf5 17. Rxa5 Bxe4 18. Rxa6 Bxc2 19. Rfa1 Rab8 20. Bd2 Bd3 21. Nc1
Be4 22. Bc3 Rfd8 23. Ne5 Bd5 24. Ne2 Bxe5 25. dxe5 Be4 26. Nd4 1-0

[Event "Women Ch A Group r_2"]
[Site "Albena BUL"]
[Date "2010.05.28"]
[Round "2.3"]
[White "Djingarova, Emilia"]
[Black "Vladimirova, Maria"]
[Result "1-0"]
[WhiteElo "2359"]
[BlackElo "2045"]
[PlyCount "47"]
[EventDate "2010.05.27"]
[EventRounds "7"]
[EventCountry "BUL"]

1. e4 c5 2. Nf3 e6 3. d4 cxd4 4. Nxd4 a6 5. Nc3 Nc6 6. Nxc6 bxc6 7. e5 Qc7 8.
Bf4 Nf6 9. Bg3 Nd5 10. Ne4 Qb6 11. Bd3 Qxb2 12. O-O Nc3 13. Qf3 Nxe4 14. Bxe4
Rb8 15. Rfd1 Qb6 16. Bh4 Qc7 17. c3 Bb7 18. Rab1 Be7 19. Bxe7 Kxe7 20. Qg3 Kf8
21. Rd6 c5 22. Rdb6 Bxe4 23. Rxb8+ Ke7 24. Qg5+ 1-0